000 00282nam a22001217a 4500
999 _c153990
_d153990
082 _a
_b
100 _aAchutan Pillai K
245 _aAbhinavagupta and his predecessors /
_cby Achutan Pillai K.
260 _a
_bSai Jyoti,
_c2006.
300 _a91p.
650 _a
942 _cBK